Score 0/26 Timer 05:00
0 Plays Today
Hint Missing % Correct
____ Franklin, American EnlightenmentBenjamin
93.4%
Yin and ____Yang
91.3%
Mahatma ____, nonviolenceGandhi
89.6%
René ____, 'Cogito ergo sum'Descartes
82.1%
St. Thomas ____, MedievalAquinas
80.6%
____, founded the Academy in AthensPlato
80.1%
____, Greek, poisoned by HemlockSocrates
79.9%
____, ego and super-egoId
78.8%
Immanuel ____, DeontologyKant
78.4%
John ____, Social ContractLocke
65.5%
Niccolò ____, author of 'The Prince'Machiavelli
63.9%
____ (Chinese philosophy)Confucianism
62.3%
____ crisis (moment of questioning
whether one's life has meaning)
Existential
62%
Hint Missing % Correct
____, author of 'Candide'Voltaire
59.8%
____'s razor (the simplest explanation is
usually the correct one)
Occam
58.3%
Jean-Jacques ____, General WillRousseau
58%
____ Rasa ('blank slate')Tabula
58%
David ____, Scottish EnlightenmentHume
55.1%
Thus Spoke ____, by NietzscheZarathustra
45.6%
Thomas ____, Sage of MonticelloJefferson
43.1%
____ rights, Enlightenment theoryNatural
38.4%
Michel ____, 20th centuryFoucault
34.7%
____ (greatest happiness principle)Utilitarianism
34.4%
____ erat demonstrandum (Q.E.D.)Quod
33.4%
Mary ____, EnlightenmentWollstonecraft
23.7%
____ of Athens, historian/philosopherXenophon
11.1%

Today's Daily Dose

Missing Word
'T' Pairs

Word Ladder
Game Pieces

Get the Picture
Baseball Movies

Remove Ads.
Support Sporcle.
Get the best of Sporcle when you Go Orange. This ad-free experience offers more features, more stats, and more fun while also helping to support Sporcle. Thank you for becoming a member.

You're not logged in!

Compare scores with friends on all Sporcle quizzes.
OR
Log In

Show Comments

Extras

Top Quizzes Today


Score Distribution

Your Account Isn't Verified!

In order to create a playlist on Sporcle, you need to verify the email address you used during registration. Go to your Sporcle Settings to finish the process.

Report this User

Report this user for behavior that violates our Community Guidelines.

Details: